000 00343nmm a2200145 a 4500
003 AR-BaBNM
005 20251128203118.0
008 033119s1907 ||||||||||||||000 | spa||
040 _cAR-BaBNM
100 1 _aLe Dantec, Félix
245 1 0 _aDe l'homme à la science
260 _a[S.l.]
_bE. Flammarion
_c1907
942 _cBK
998 _cBertuna
999 _c1953
_d1953